| 000 | 02413cam a2200625Ia 4500 | ||
|---|---|---|---|
| 020 | _a0021460019 (gr. 1) | ||
| 020 | _a9780021460014 (gr. 1) | ||
| 020 | _a0021460167 (gr. 1, teacher's ed.) | ||
| 020 | _a9780021460168 (gr. 1, teacher's ed.) | ||
| 020 | _a0021461899 (gr. 1, teacher's ed., activity program) | ||
| 020 | _a9780021461899 (gr. 1, teacher's ed., activity program) | ||
| 020 | _a0021460027 (gr. 2) | ||
| 020 | _a9780021460021 (gr. 2) | ||
| 020 | _a0021460175 (gr. 2, teacher's ed.) | ||
| 020 | _a9780021460175 (gr. 2, teacher's ed.) | ||
| 020 | _a0021461902 (gr. 2, teacher's ed., activity program) | ||
| 020 | _a9780021461905 (gr. 2, teacher's ed., activity program) | ||
| 020 | _a0021460035 (gr. 3) | ||
| 020 | _a9780021460038 (gr. 3) | ||
| 020 | _a0021460183 (gr. 3, teacher's ed.) | ||
| 020 | _a9780021460182 (gr. 3, teacher's ed.) | ||
| 020 | _a002146006X (gr. 4) | ||
| 020 | _a9780021460069 (gr. 4) | ||
| 020 | _a0021460213 (gr. 4, teacher's ed.) | ||
| 020 | _a9780021460212 (gr. 4, teacher's ed.) | ||
| 020 | _a0021460078 (gr. 5) | ||
| 020 | _a9780021460076 (gr. 5) | ||
| 020 | _a0021460221 (gr. 5, teacher's ed.) | ||
| 020 | _a9780021460229 (gr. 5, teacher's ed.) | ||
| 020 | _a0021460086 (gr. 6/7, pt. 1) | ||
| 020 | _a9780021460083 (gr. 6/7, pt. 1) | ||
| 020 | _a002146023X (gr. 6/7, teacher's ed., pt. 1) | ||
| 020 | _a9780021460236 (gr. 6/7, teacher's ed., pt. 1) | ||
| 020 | _a0021460094 (gr. 6/7, pt. 3) | ||
| 020 | _a9780021460090 (gr. 6/7, pt. 3) | ||
| 020 | _a0021460248 (gr. 6/7, teacher's ed., pt. 3) | ||
| 020 | _a9780021460243 (gr. 6/7, teacher's ed., pt. 3) | ||
| 020 | _a0021460116 (gr. 6/7, pt. 4) | ||
| 020 | _a9780021460113 (gr. 6/7, pt. 4) | ||
| 020 | _a0021460264 (gr. 6/7, teacher's ed., pt. 4) | ||
| 020 | _a9780021460267 (gr. 6/7, teacher's ed., pt. 4) | ||
| 020 | _a0021460108 (Grade 6/7) | ||
| 020 | _a9780021460106 (Grade 6/7) | ||
| 040 | _cNJB | ||
| 082 | _a372 MAC 1993 A014 Or. | ||
| 245 | 0 | 4 | _aThe World around us / |
| 260 |
_aNew York : _bMacmillan/McGraw-Hill School Pub. Co., _cc1993. |
||
| 300 |
_a9 v. : _bcol. ill., maps ; _c26 cm. + _eteacher's ed. (9 v. : col. ill., maps ; 31 cm.) + activity program (Gr. 1-2 only) |
||
| 500 | _aGrades 1-6/7. | ||
| 500 | _aIncludes index. | ||
| 650 | 0 | _aSocial sciences | |
| 650 | 0 | _aSocial sciences | |
| 700 | 1 | _aBanks, James A. | |
| 942 | _cEK | ||
| 999 |
_c13402 _d13402 |
||